00000000nam##2200000za#4500
0019.600605
003CaOODSP
00520210624205651
007cr |||||||||||
008150406|1999||||xxc|||||o    f|0| 0 fre|d
040 |aCaOODSP|bfre
043 |an-cn---
0861 |aBT31-4/73-1999F-PDF
1101 |aCanada. |bConseil du trésor.
24510|aConseil de recherches en sciences humaines du Canada, rapport sur le rendement pour la période se terminant le 31 mars 1999 |h[ressource électronique]
260 |aOttawa - Ontario : |bSecrétariat du Conseil du Trésor du Canada
300 |a44p.|bgraphique, organigramme, références, tableaux
4901 |aRapport sur le rendement pour la période se terminant le 31 mars 1999
500 |aLe n° de catalogue (BT31-4/73-1999) et l'ISBN (0-660-61085-X) de l'édition imprimée bilingue ont été incorrectement copiés dans cette édition électronique.
590 |a12-27-Supp|b2012-06-12
77508|tSocial Sciences and Humanities Research Council of Canada, performance report for the period ending March 31, 1999 |w(CaOODSP)9.569459
7760#|tSocial Sciences and Humanities Research Council of Canada |w(CaOODSP)9.532546
7760#|tConseil de recherches en sciences humaines du Canada |w(CaOODSP)9.532547
830#0|aRapport sur le rendement pour la période se terminant le 31 mars 1999.|w(CaOODSP)9.502657
85640|ahttp://publications.gc.ca|qPDF|s250 Ko|uhttps://publications.gc.ca/collections/Collection/BT31-4-73-1999F.pdf